01462nam a2200337 a 4500001001000000003000500010005001700015008004100032010001100073011001100084040000900095090001000104100004000114245016500154260004100319500006000360502006400420590004100484590004000525650004900565650003800614650004200652650004200694856007000736901000700806942001000813942000600823999001900829952013600848952014000984000110991CHAP20250513120133.0141110s2014 mx a |sm |||||||spa d a107453 a108425 cCHAP aTesis1 aSandoval Alarcón, Fabiola912876310aCaracterización y análisis de la cadena productiva del queso de prensa de la costa chica de Guerrero y Oaxacah[En línea]cpor Fabiola Sandoval Alarcón. aChapingo, Méx. :bEl autor,c2014. aPara ver el contenido del material haga clic en la liga aTesis (M.C. en Estrategia Agroindustrial) -- UACH. CIESTAAM aE11695DGDb10c20141112lUCH01h1052 aE5652GLJb05c20141110lUCH01h131714aQueso artesanalxCultivos iniciadores96336314aQueso de prensaxMercadeo912438314aQueso de prensaxProducción912438414aQuesoxCostos de producción.993228 aFinding aiduhttp://10.13.5.2/tesis/sist110991.pdfzTeclea aquí aBK cTESIS n0 c107453d107453 00104054718TESISaBCbBCd2014-11-10fTESISl0oTesisp33724002428025r2019-12-31 00:00:00w2019-12-31yTESISzRecien adquirido 00102local4053708TESISaBCbBCcPA_TESISd2014-11-10fTESISl0oTesisp33724002428777r2019-12-31 00:00:00tc.2w2019-12-31yTESIS